00400nam a2200145Ia 4500008004100000040001900041041001200060082002400072245006200096260003100158300001800189650000800207700002100215850001800236131103s9999 xx 000 0 und d aLoreto College aEnglish aMIS/ROMbLCBED/9231 aBy the way thoughts and reflectionscedited by Henry Rohr aMelbournebSpectrumc[19?] a pic.c 20cm. aMis aRohr, Henry; ed. aLCBED/MIS/ROM